[Event "15PCR_F"]
[Site "?"]
[Date "2006.??.??"]
[Round "?"]
[White "Jirku, Jaroslav"]
[Black "Brousek, Jiri"]
[Result "1-0"]
[WhiteElo "2278"]
[BlackElo "2315"]
[PlyCount "87"]
[EventDate "2006.??.??"]
[SourceDate "2006.08.10"]

1. e4 e6 2. d4 d5 3. Nc3 Nf6 4. Bg5 Be7 5. e5 Nfd7 6. Bxe7 Qxe7 7. f4 O-O 8.
Nf3 c5 9. Qd2 Nc6 10. dxc5 Nxc5 11. O-O-O Rd8 12. Qe3 a6 13. Ne2 Bd7 14. Ned4
Na4 15. g4 Rac8 16. Kb1 Qc5 17. h4 Na5 18. Ka1 Bb5 19. Qe1 Qb6 20. Rb1 Nc6 21.
c3 Nc5 22. h5 Nxd4 23. Nxd4 Bc4 24. Rd1 Ne4 25. Bg2 Qa5 26. a3 Re8 27. Bxe4
dxe4 28. h6 g6 29. Rg1 Bd3 30. Nb3 Qc7 31. Nc1 Bc4 32. Qxe4 a5 33. Rd4 b5 34.
Nd3 Red8 35. Rc1 Bxd3 36. Qxd3 b4 37. Rd1 Rxd4 38. Qxd4 bxa3 39. b3 Qe7 40. f5
Re8 41. Qd6 Qb7 42. fxe6 Qxb3 43. exf7+ Qxf7 44. Qf6 1-0

[Event "15PCR_F"]
[Site "?"]
[Date "2006.??.??"]
[Round "?"]
[White "Strnad, Martin"]
[Black "Koci, Vladimir"]
[Result "1-0"]
[WhiteElo "2241"]
[BlackElo "2178"]
[PlyCount "65"]
[EventDate "2006.??.??"]
[SourceDate "2006.08.10"]

1. e4 c5 2. Nf3 d6 3. d4 cxd4 4. Nxd4 Nf6 5. Nc3 g6 6. Be3 Bg7 7. f3 O-O 8. Qd2
Nc6 9. O-O-O Nxd4 10. Bxd4 Be6 11. Kb1 Qc7 12. h4 Rfc8 13. h5 Qa5 14. hxg6 fxg6
15. a3 Bf7 16. g4 Rc6 17. g5 Nh5 18. Bxg7 Kxg7 19. Bh3 e6 20. Bg4 Rac8 21. Ne2
Qxd2 22. Rxd2 Rd8 23. f4 Kg8 24. Rhd1 Ng7 25. e5 d5 26. Rh1 Nf5 27. Rd3 Kg7 28.
Bxf5 gxf5 29. Nd4 Rb6 30. c4 a5 31. Rdh3 Bg8 32. c5 Ra6 33. c6 1-0

[Event "15PCR_F"]
[Site "?"]
[Date "2006.??.??"]
[Round "?"]
[White "Brousek, Jiri"]
[Black "Kotrc, Michal"]
[Result "1-0"]
[WhiteElo "2315"]
[BlackElo "2204"]
[PlyCount "159"]
[EventDate "2006.??.??"]
[SourceDate "2006.08.10"]

1. d4 Nf6 2. Nf3 b6 3. c4 e6 4. g3 Bb7 5. Bg2 Be7 6. Nc3 Ne4 7. Bd2 Bf6 8. O-O
O-O 9. Rc1 Nxd2 10. Qxd2 d6 11. Rfd1 Nd7 12. e3 g6 13. d5 e5 14. b3 Bg7 15. e4
a5 16. a3 Nc5 17. Rb1 Bc8 18. b4 Na6 19. Re1 Bd7 20. Rec1 axb4 21. axb4 f5 22.
Rb3 Nb8 23. exf5 gxf5 24. Ng5 e4 25. Ne6 Bxe6 26. dxe6 Nc6 27. Nd5 Re8 28. g4
fxg4 29. Bxe4 Rxe6 30. Nf4 Rxe4 31. Qd5+ Kh8 32. Qxe4 Nd4 33. Rg3 Qe8 34. Qxe8+
Rxe8 35. Re3 Nf3+ 36. Kg2 Nh4+ 37. Kh1 Ra8 38. Re4 Nf3 39. Nh5 Bd4 40. Rxg4 c5
41. bxc5 bxc5 42. Re4 Ne5 43. Rc2 Nd3 44. Kg2 Rg8+ 45. Kf1 Rb8 46. Nf4 Nxf4 47.
Rxf4 Kg7 48. Rf3 Rb1+ 49. Ke2 Kg6 50. h3 Kg5 51. Kd3 Re1 52. Re2 Rc1 53. Ke4
Rxc4 54. Rg3+ Kf6 55. Kd5 Rb4 56. Kxd6 Rb8 57. Re6+ Kf5 58. Rf3+ Kg5 59. Kd5
Rb2 60. Rg3+ Kf4 61. Re4+ Kf5 62. Rf3+ Kg6 63. Rg4+ Kh6 64. Rfg3 Kh5 65. f4 Rb6
66. Rg8 Kh4 67. f5 Kh5 68. Rf8 Ra6 69. Rf7 h6 70. Rd7 Rf6 71. Rf3 Kg5 72. Rg7+
Kh5 73. Rg4 Rb6 74. Rff4 Bf6 75. Rg6 Rb2 76. Rf3 Bh4 77. Re6 Rb7 78. f6 Rd7+
79. Ke5 Rf7 80. Re8 1-0

[Event "15PCR_F"]
[Site "?"]
[Date "2006.??.??"]
[Round "?"]
[White "Paulik, Vaclav"]
[Black "Pecina, Pavel"]
[Result "1/2-1/2"]
[WhiteElo "2160"]
[BlackElo "2258"]
[PlyCount "111"]
[EventDate "2006.??.??"]
[SourceDate "2006.08.10"]

1. e4 c5 2. c3 d5 3. exd5 Qxd5 4. d4 e5 5. dxe5 Qxd1+ 6. Kxd1 Nc6 7. Bf4 f6 8.
Bb5 Bd7 9. exf6 Nxf6 10. Nf3 O-O-O 11. Kc1 a6 12. Ba4 h6 13. Nbd2 g5 14. Bg3
Nh5 15. Nc4 Nxg3 16. hxg3 b5 17. Nb6+ Kc7 18. Nxd7 Rxd7 19. Bc2 Bg7 20. Bf5 Re7
21. Rd1 Ne5 22. a4 b4 23. Kc2 Rf8 24. g4 c4 25. cxb4 Nc6 26. b5 Nb4+ 27. Kb1
Rfe8 28. Kc1 axb5 29. axb5 Kb6 30. Ra4 Kxb5 31. Bd7+ Rxd7 32. Rxb4+ Kxb4 33.
Rxd7 Bf6 34. Nd2 Be5 35. g3 Kc5 36. b3 cxb3 37. Nxb3+ Kc6 38. Rf7 Kd5 39. Nd2
Ra8 40. Kd1 Ra4 41. Nf1 Ke6 42. Rh7 Rxg4 43. Rxh6+ Kf7 44. Ra6 Re4 45. Ra5 Bc3
46. Ra7+ Kg6 47. Ne3 g4 48. Ke2 Be5 49. Re7 Kf6 50. Re8 Kf7 51. Rc8 Bf6 52. Rc4
Rxc4 53. Nxc4 Kg6 54. f4 gxf3+ 55. Kxf3 Bg7 56. g4 1/2-1/2

[Event "15PCR_F"]
[Site "?"]
[Date "2006.??.??"]
[Round "?"]
[White "Prchly, Milos"]
[Black "Hrubcik, Martin"]
[Result "1-0"]
[WhiteElo "2269"]
[BlackElo "2199"]
[PlyCount "79"]
[EventDate "2006.??.??"]
[SourceDate "2006.08.10"]

1. d4 d5 2. c4 c6 3. Nc3 Nf6 4. e3 e6 5. Nf3 Nbd7 6. Bd3 dxc4 7. Bxc4 b5 8. Bd3
Bd6 9. Qc2 Bb7 10. e4 e5 11. Bg5 Qb6 12. dxe5 Nxe5 13. Nxe5 Bxe5 14. O-O a6 15.
Bxf6 gxf6 16. Kh1 c5 17. Nd5 Qd6 18. Rad1 O-O 19. Ne3 Qe6 20. Qxc5 Bxb2 21. Qb4
Be5 22. f4 Bd6 23. Qe1 Be7 24. f5 Qb6 25. a4 bxa4 26. Rb1 Qa7 27. Ng4 Kh8 28.
Qc1 Rac8 29. Qh6 Rc6 30. Qh5 Rfc8 31. Nh6 Qe3 32. Nxf7+ Kg7 33. Rbd1 Rc1 34.
Ng5 fxg5 35. f6+ Bxf6 36. e5 Qxe5 37. Qxh7+ Kf8 38. Rxc1 Rxc1 39. Rxc1 Bc6 40.
Bc4 1-0

[Event "15PCR_F"]
[Site "?"]
[Date "2006.??.??"]
[Round "?"]
[White "Pytlik, Lesek"]
[Black "Jirku, Jaroslav"]
[Result "1/2-1/2"]
[WhiteElo "2403"]
[BlackElo "2278"]
[PlyCount "76"]
[EventDate "2006.??.??"]
[SourceDate "2006.08.10"]

1. e4 e5 2. Nf3 Nc6 3. Nc3 Nf6 4. d4 exd4 5. Nxd4 Bb4 6. Nxc6 bxc6 7. Bd3 d5 8.
exd5 cxd5 9. O-O O-O 10. Bg5 c6 11. Ne2 h6 12. Bh4 Bd6 13. Nd4 c5 14. Nb5 Be7
15. c4 Bb7 16. Qb3 Bc6 17. cxd5 Nxd5 18. Bg3 Qb6 19. Bc4 Rad8 20. Rfd1 Rd7 21.
h3 Rfd8 22. Nc3 Nxc3 23. Rxd7 Ne2+ 24. Bxe2 Rxd7 25. Be5 Bd6 26. Bxd6 Rxd6 27.
Bc4 Qc7 28. Re1 Rg6 29. Bd5 Rg5 30. Bxc6 Qxc6 31. g3 Qd7 32. Rd1 Qc8 33. h4 Re5
34. Qc3 Qf5 35. Qd3 Qxd3 36. Rxd3 Re2 37. Rb3 Kf8 38. Rb7 a5 1/2-1/2

[Event "15PCR_F"]
[Site "?"]
[Date "2006.??.??"]
[Round "?"]
[White "Postl, Rostislav"]
[Black "Pytlik, Lesek"]
[Result "1-0"]
[WhiteElo "2314"]
[BlackElo "2403"]
[PlyCount "107"]
[EventDate "2006.??.??"]
[SourceDate "2006.08.10"]

1. d4 Nf6 2. Nf3 c5 3. d5 b5 4. c4 Bb7 5. e3 g6 6. Bd3 Bg7 7. Nc3 b4 8. Ne2 d6
9. h3 O-O 10. O-O Nbd7 11. e4 a5 12. Bg5 Nh5 13. Qd2 Re8 14. a3 Qb6 15. g4 Nhf6
16. Ng3 Qc7 17. Bh6 Bxh6 18. Qxh6 Ne5 19. Nxe5 dxe5 20. Kg2 bxa3 21. bxa3 Reb8
22. g5 Ne8 23. h4 Bc8 24. h5 Rb3 25. Bc2 Rc3 26. Ba4 Bg4 27. Bd1 Bxd1 28. Rfxd1
Nd6 29. Rh1 e6 30. dxe6 Rxc4 31. Rab1 Qe7 32. hxg6 fxg6 33. Rh4 Qg7 34. Qxg7+
Kxg7 35. Rb6 Rd4 36. f4 Kg8 37. fxe5 Rd2+ 38. Kg1 Rd1+ 39. Kf2 Rf8+ 40. Ke2
Rd2+ 41. Ke1 Nc4 42. Rb7 Nxe5 43. Kxd2 Nf3+ 44. Kd3 Nxh4 45. e5 Re8 46. Ke4 Ng2
47. e7 Kf7 48. Rb2 Ne1 49. Re2 Nf3 50. Kxf3 Rxe7 51. Kf4 Ke6 52. Rd2 Rf7+ 53.
Ke4 Rb7 54. Ne2 1-0

[Event "15PCR_F"]
[Site "?"]
[Date "2006.??.??"]
[Round "?"]
[White "Jirku, Jaroslav"]
[Black "Juhasz, Jozef"]
[Result "1/2-1/2"]
[WhiteElo "2278"]
[BlackElo "2162"]
[PlyCount "111"]
[EventDate "2006.??.??"]
[SourceDate "2006.08.10"]

1. e4 e5 2. Nf3 Nf6 3. Nxe5 d6 4. Nf3 Nxe4 5. d4 d5 6. Bd3 Bd6 7. O-O O-O 8. c4
c6 9. cxd5 cxd5 10. Nc3 Nxc3 11. bxc3 Bg4 12. Rb1 b6 13. Rb5 Bc7 14. h3 a6 15.
hxg4 axb5 16. Qc2 h6 17. g5 hxg5 18. Bxg5 f6 19. Be3 Nc6 20. Bh7+ Kh8 21. Qg6
Qe8 22. Qf5 Qe4 23. Qxe4 dxe4 24. Bxe4 Ne7 25. Bxa8 Rxa8 26. Ra1 Nd5 27. Bd2
Kg8 28. Kf1 Ra3 29. Rb1 Nxc3 30. Bxc3 Rxc3 31. Rxb5 Rc2 32. a4 Kf7 33. Rb4 Ke6
34. g4 g5 35. Ne1 Ra2 36. Rc4 Bf4 37. Rc6+ Kd5 38. Rxb6 Kxd4 39. Rxf6 Ra1 40.
Ke2 Rxa4 41. Kf3 Ra3+ 42. Kg2 Ke4 43. Rf5 Rb3 44. Rf8 Rb8 45. Rf6 Rb3 46. Rf5
Rc3 47. Ra5 Rc8 48. Nf3 Rg8 49. Ng1 Bc7 50. Ra7 Bf4 51. Re7+ Kd5 52. Nh3 Be5
53. Rf7 Ke6 54. Rf5 Bf6 55. f3 Rg7 56. Nf2 1/2-1/2

[Event "15PCR_F"]
[Site "?"]
[Date "2006.??.??"]
[Round "?"]
[White "Hrubcik, Martin"]
[Black "Jirku, Jaroslav"]
[Result "0-1"]
[WhiteElo "2199"]
[BlackElo "2278"]
[PlyCount "72"]
[EventDate "2006.??.??"]
[SourceDate "2006.08.10"]

1. e4 e5 2. f4 exf4 3. Nf3 g5 4. Nc3 Nc6 5. h4 g4 6. Ng1 Nf6 7. d4 Bb4 8. Bd2
Qe7 9. Nge2 Nxe4 10. Nxe4 Qxe4 11. c3 f3 12. cxb4 fxg2 13. Bxg2 Qxg2 14. Rg1
Qe4 15. Qb1 Qxb1+ 16. Rxb1 d6 17. b5 Ne7 18. Rc1 Be6 19. Rxc7 Nd5 20. Rc1 Kd7
21. a3 f5 22. Kf2 Nc7 23. b6 axb6 24. Nf4 Bf7 25. Rg3 Rhe8 26. Rgc3 Nb5 27. Rd3
Ra4 28. Bb4 Re4 29. Kg3 d5 30. Rcd1 Ra8 31. h5 Rae8 32. a4 Na7 33. h6 Nc6 34.
Bc3 Ra8 35. b3 Rae8 36. Bb2 Ke7 0-1

[Event "15PCR_F"]
[Site "?"]
[Date "2006.??.??"]
[Round "?"]
[White "Hrdy, Roman"]
[Black "Koci, Vladimir"]
[Result "1-0"]
[WhiteElo "2260"]
[BlackElo "2178"]
[PlyCount "101"]
[EventDate "2006.??.??"]
[SourceDate "2006.08.10"]

1. e4 c5 2. Nf3 d6 3. d4 cxd4 4. Nxd4 Nf6 5. Nc3 g6 6. Be3 Bg7 7. f3 Nc6 8. Qd2
O-O 9. Bc4 Nd7 10. h4 Nb6 11. Bb3 Na5 12. Qd3 Nxb3 13. axb3 h5 14. Nde2 Nd7 15.
Qd2 a6 16. Bh6 Ne5 17. Bxg7 Kxg7 18. Nd5 Bd7 19. Nec3 Rc8 20. Qd4 Kh7 21. Ne3
f5 22. exf5 Bxf5 23. O-O-O Qa5 24. Kb1 Nc6 25. Qd2 Be6 26. g4 Rxf3 27. gxh5
Qxh5 28. Ne4 Kh8 29. Ng5 Rf6 30. Rdf1 Bg8 31. Qc3 Rcf8 32. Ne4 d5 33. Nxf6 Rxf6
34. Rxf6 d4 35. Qd3 exf6 36. Nc4 Qd5 37. Rg1 Bf7 38. Qh3 Qc5 39. Re1 Qd5 40.
Qc8+ Kg7 41. Qxb7 d3 42. c3 a5 43. Nd2 Ne5 44. Qxd5 Bxd5 45. Kc1 Kh6 46. Rf1
Kg7 47. Rf4 Bc6 48. Nc4 Nf3 49. Nxa5 g5 50. hxg5 fxg5 51. Rb4 1-0

[Event "15PCR_F"]
[Site "?"]
[Date "2006.??.??"]
[Round "?"]
[White "Hrdy, Roman"]
[Black "Rychtecky, Pavel"]
[Result "1-0"]
[WhiteElo "2260"]
[BlackElo "2218"]
[PlyCount "83"]
[EventDate "2006.??.??"]
[SourceDate "2006.08.10"]

1. e4 c5 2. Nf3 Nc6 3. d4 cxd4 4. Nxd4 Nf6 5. Nc3 e5 6. Ndb5 d6 7. Bg5 a6 8.
Na3 b5 9. Bxf6 gxf6 10. Nd5 Bg7 11. c3 f5 12. exf5 Bxf5 13. Nc2 O-O 14. Nce3
Be6 15. Bd3 f5 16. Qh5 e4 17. Bc2 Ne7 18. Rd1 Rc8 19. O-O Rc5 20. Nf4 Bf7 21.
Qh3 Be5 22. Ne2 Bxa2 23. b3 f4 24. Ng4 Bg7 25. f3 Qc8 26. Ra1 h5 27. Nf2 e3 28.
Nd3 Qxh3 29. gxh3 Rg5+ 30. Kh1 Nd5 31. h4 Rgf5 32. Rxa2 Nxc3 33. Nxc3 Bxc3 34.
b4 Ra8 35. Rg1+ Kh8 36. Bb3 d5 37. Rc2 Bf6 38. Rcg2 Rc8 39. Ba2 Bxh4 40. Rg6
Rf6 41. Ne5 Rxg6 42. Nxg6+ 1-0

[Event "15PCR_F"]
[Site "?"]
[Date "2006.??.??"]
[Round "?"]
[White "Paulik, Vaclav"]
[Black "Rychtecky, Pavel"]
[Result "1/2-1/2"]
[WhiteElo "2160"]
[BlackElo "2218"]
[PlyCount "108"]
[EventDate "2006.??.??"]
[SourceDate "2006.08.10"]

1. e4 c5 2. c3 d5 3. exd5 Qxd5 4. d4 Nf6 5. Nf3 Bg4 6. Be2 e6 7. Na3 Nc6 8. h3
Bh5 9. Be3 O-O-O 10. dxc5 Bxc5 11. Qxd5 Rxd5 12. Bxc5 Rxc5 13. Rd1 Rd8 14.
Rxd8+ Kxd8 15. g4 Bg6 16. Nd2 Rd5 17. Nac4 Rd7 18. f4 Nd5 19. Rf1 f6 20. Rf3 e5
21. fxe5 Nxe5 22. Nxe5 fxe5 23. Rf8+ Kc7 24. Nc4 Re7 25. g5 b5 26. Na3 a6 27.
c4 bxc4 28. Nxc4 e4 29. h4 Nb4 30. Bg4 Be8 31. a3 Nd5 32. Rf5 Bc6 33. b4 g6 34.
Rf8 Bd7 35. Bxd7 Kxd7 36. Ra8 Nc7 37. Rb8 Kc6 38. Na5+ Kd7 39. Nb3 Kc6 40. Nd4+
Kd5 41. Rd8+ Kc4 42. Nc6 Re8 43. Rd7 Ne6 44. Rxh7 Nf4 45. Rf7 Ng2+ 46. Ke2 Nxh4
47. Rf6 Kb3 48. Nd4+ Kxa3 49. b5 axb5 50. Nxb5+ Kb3 51. Nd6 Re5 52. Rf4 Nf3 53.
Rxe4 Rxe4+ 54. Nxe4 Nd4+ 1/2-1/2

[Event "15PCR_F"]
[Site "?"]
[Date "2006.??.??"]
[Round "?"]
[White "Hrdy, Roman"]
[Black "Pytlik, Lesek"]
[Result "1/2-1/2"]
[WhiteElo "2260"]
[BlackElo "2403"]
[PlyCount "107"]
[EventDate "2006.??.??"]
[SourceDate "2006.08.10"]

1. e4 e6 2. d4 d5 3. Nc3 Bb4 4. e5 c5 5. a3 Ba5 6. b4 cxd4 7. Qg4 Ne7 8. bxa5
dxc3 9. Qxg7 Rg8 10. Qxh7 Nbc6 11. Nf3 Qxa5 12. h4 Bd7 13. Ng5 Rf8 14. Be2 Nxe5
15. Qg7 d4 16. f4 d3 17. Ne4 d2+ 18. Nxd2 N5g6 19. Nc4 Qc7 20. Qxc3 Nd5 21. Qd4
Ngxf4 22. Bxf4 Qxf4 23. Qxf4 Nxf4 24. Bf3 Ke7 25. Bxb7 Rab8 26. Bf3 Rbc8 27.
Ne3 Ng6 28. h5 Ne5 29. Rb1 f5 30. h6 Kf6 31. h7 Kg7 32. Rb7 a5 33. Rh4 Rh8 34.
Rd4 Rcd8 35. Bc6 Nxc6 36. Rdxd7+ Rxd7 37. Rxd7+ Kf6 38. g4 Ne5 39. Ra7 f4 40.
Rxa5 Nf7 41. Nd1 Rxh7 42. Nf2 Rh8 43. a4 Ng5 44. Rc5 Rb8 45. Rb5 Rc8 46. Kd2
Rc4 47. a5 Ra4 48. Kc3 f3 49. Kb3 Ra1 50. Kb4 e5 51. Kc3 Ra3+ 52. Kb2 Ra4 53.
Kb3 Ra1 54. Kb2 1/2-1/2

[Event "15PCR_F"]
[Site "?"]
[Date "2006.??.??"]
[Round "?"]
[White "Juhasz, Jozef"]
[Black "Pytlik, Lesek"]
[Result "1/2-1/2"]
[WhiteElo "2162"]
[BlackElo "2403"]
[PlyCount "134"]
[EventDate "2006.??.??"]
[SourceDate "2006.08.10"]

1. e4 e6 2. d4 d5 3. Nd2 Nc6 4. Ngf3 Nf6 5. e5 Nd7 6. Nb3 Be7 7. Bb5 O-O 8. O-O
Ncb8 9. Bd3 b6 10. c3 c5 11. Bb1 Re8 12. Be3 Ba6 13. Re1 Nc6 14. Qc2 g6 15. Qd2
cxd4 16. Bxd4 Rc8 17. Bc2 Bf8 18. Qf4 Qc7 19. Qg5 Bg7 20. Qe3 Ne7 21. a4 Nf5
22. Bxf5 exf5 23. a5 Bc4 24. axb6 axb6 25. Nbd2 Bb5 26. Nb1 Re7 27. Na3 Bc6 28.
Qd2 Rce8 29. Nc2 Nxe5 30. Nxe5 Bxe5 31. Bxe5 Rxe5 32. Rxe5 Rxe5 33. h3 Re4 34.
Nd4 Kg7 35. Nf3 Bb7 36. Qd3 f4 37. Ra7 Qb8 38. Ra2 h6 39. b3 Bc6 40. Ra1 Qc7
41. Qd2 Qe7 42. Nd4 Be8 43. Nf3 Qc5 44. Rd1 Bc6 45. Nd4 Bd7 46. Nf3 Be6 47. Nd4
Bc8 48. Qd3 Qe7 49. Nf3 Bb7 50. Ra1 Bc6 51. Qd2 Qc7 52. Qd3 b5 53. Nd2 Re7 54.
Nf3 Qb6 55. Nd4 Bd7 56. Nf3 Qf6 57. Ra8 Re4 58. Kh2 Be8 59. Rc8 Bc6 60. Nd2 Re7
61. Nf3 Rb7 62. Nd4 Rb6 63. b4 h5 64. Qe2 Ra6 65. Qd1 h4 66. Qg4 f3 67. g3 Bd7
1/2-1/2

[Event "15PCR_F"]
[Site "?"]
[Date "2006.??.??"]
[Round "?"]
[White "Rychtecky, Pavel"]
[Black "Batka, Josef"]
[Result "1/2-1/2"]
[WhiteElo "2218"]
[BlackElo "2260"]
[PlyCount "91"]
[EventDate "2006.??.??"]
[SourceDate "2006.08.10"]

1. e4 c5 2. Nf3 Nc6 3. d4 cxd4 4. Nxd4 Nf6 5. Nc3 e5 6. Ndb5 d6 7. Bg5 a6 8.
Na3 b5 9. Nd5 Be7 10. Bxf6 Bxf6 11. c3 O-O 12. Nc2 Rb8 13. Be2 Bg5 14. O-O a5
15. Qd3 Be6 16. Rfd1 f5 17. Bf3 f4 18. Na3 Na7 19. b4 Kh8 20. Rab1 Bh4 21. Rd2
axb4 22. cxb4 Qd7 23. Be2 Rfc8 24. Qf3 Qe8 25. Rbd1 Bd8 26. Qd3 Qg6 27. Kh1 Bd7
28. Qf3 Bh4 29. Kg1 Kg8 30. h3 Kh8 31. Kh2 Bd8 32. Nc3 Be7 33. Nd5 Bh4 34. Kg1
h6 35. Rb2 Kh7 36. Bf1 Rc6 37. Rbd2 Rb7 38. Nb1 Ra6 39. a3 Nc8 40. Be2 Ne7 41.
Ndc3 Rab6 42. Rd3 Be8 43. Kh2 Bg5 44. Kh1 Ra7 45. R3d2 Qe6 46. Kh2 1/2-1/2

[Event "15PCR_F"]
[Site "?"]
[Date "2006.??.??"]
[Round "?"]
[White "Hrdy, Roman"]
[Black "Pecina, Pavel"]
[Result "1/2-1/2"]
[WhiteElo "2260"]
[BlackElo "2258"]
[PlyCount "87"]
[EventDate "2006.??.??"]
[SourceDate "2006.08.10"]

1. e4 c5 2. Nf3 Nc6 3. Bb5 g6 4. O-O Bg7 5. c3 Nf6 6. Qe2 O-O 7. d4 cxd4 8.
cxd4 d5 9. e5 Ne4 10. Be3 f6 11. exf6 exf6 12. Nc3 Nxc3 13. bxc3 Re8 14. Nd2
Bf5 15. Nb3 Rc8 16. Rfe1 Bf8 17. Nc5 b6 18. Nd3 Bd6 19. a3 Qc7 20. h3 Re6 21.
Nb4 Nxb4 22. axb4 Qe7 23. Rac1 Bb8 24. Qd2 Qd6 25. g3 Bxh3 26. c4 dxc4 27. Rxc4
Rd8 28. Bc6 Re7 29. Kh2 g5 30. Bxg5 Rxe1 31. Qxe1 fxg5 32. Kxh3 Qf6 33. b5 Rf8
34. Kg2 Kg7 35. Qe3 h5 36. Bd5 Bd6 37. Ra4 Bb8 38. Be6 g4 39. d5 Qh6 40. Qe1
Qg5 41. Qb4 Qf6 42. Qd2 Qf3+ 43. Kg1 Qf6 44. Qd4 1/2-1/2

[Event "15PCR_F"]
[Site "?"]
[Date "2006.??.??"]
[Round "?"]
[White "Hrubcik, Martin"]
[Black "Pecina, Pavel"]
[Result "1/2-1/2"]
[WhiteElo "2199"]
[BlackElo "2258"]
[PlyCount "71"]
[EventDate "2006.??.??"]
[SourceDate "2006.08.10"]

1. e4 c5 2. Nf3 Nc6 3. d4 cxd4 4. Nxd4 Nf6 5. Nc3 e5 6. Ndb5 d6 7. a4 a6 8. Na3
Be6 9. Bg5 Rc8 10. Bc4 h6 11. Bxf6 Qxf6 12. O-O Qg6 13. Bd5 Be7 14. Kh1 O-O 15.
Nc4 Rfd8 16. Nb6 Rc7 17. a5 Bg5 18. Ra4 Ne7 19. Qd3 Nxd5 20. Ncxd5 Rc6 21. Raa1
Rf8 22. b3 f5 23. f3 Rf7 24. c4 Bd8 25. Rae1 Kh7 26. b4 Bxb6 27. Nxb6 Rfc7 28.
Rc1 h5 29. Nd5 Rf7 30. Rcd1 h4 31. Rc1 Qh5 32. h3 Qg6 33. Qe2 Kg8 34. Rcd1 Qg5
35. f4 exf4 36. exf5 1/2-1/2

[Event "15PCR_F"]
[Site "?"]
[Date "2006.??.??"]
[Round "?"]
[White "Paulik, Vaclav"]
[Black "Batka, Josef"]
[Result "0-1"]
[WhiteElo "2160"]
[BlackElo "2260"]
[PlyCount "190"]
[EventDate "2006.??.??"]
[SourceDate "2006.08.10"]

1. e4 c5 2. c3 d5 3. exd5 Qxd5 4. d4 Nf6 5. Nf3 e6 6. Na3 Qd8 7. Bd3 cxd4 8.
Nxd4 e5 9. Ndc2 Be7 10. O-O O-O 11. Qf3 Nc6 12. Re1 Bg4 13. Qg3 Qd7 14. Nc4 Nh5
15. Qe3 Nf4 16. Bf1 f6 17. Qg3 Nh5 18. Qd3 Rad8 19. Qxd7 Rxd7 20. h3 Bf5 21.
N2e3 Be6 22. g3 Rfd8 23. b4 Rc8 24. Bb2 b5 25. Na3 a6 26. Nac2 f5 27. Be2 Nf6
28. a4 f4 29. gxf4 exf4 30. Ng2 Bf5 31. axb5 axb5 32. Na3 Rd2 33. Bxb5 Rxb2 34.
Bxc6 Bxb4 35. cxb4 Rxc6 36. b5 Rc8 37. Nxf4 Rb4 38. Ne2 Bxh3 39. Rab1 Ra4 40.
Rb3 Be6 41. Re3 Bd7 42. Rb1 Rb8 43. Rbb3 Kf7 44. Re5 Rb6 45. Nc2 Rg4+ 46. Kf1
Re4 47. Rc5 Rh4 48. Rc7 Rh5 49. Ncd4 Rd5 50. Rb4 Rdd6 51. Ra7 Kg6 52. Nf4+ Kh6
53. Kg2 g6 54. Ra5 Rb7 55. Nfe2 Nd5 56. Rc4 Kg7 57. Rc5 Nf4+ 58. Nxf4 Rxd4 59.
Nd5 h5 60. Kh2 Kh6 61. Kg3 Be6 62. Nc7 Rd3+ 63. Kh2 Bd7 64. Ra8 Rf3 65. Ra2 Rb3
66. Ra5 Rb8 67. Rd5 Bf5 68. Ra4 Rh3+ 69. Kg1 Bg4 70. Kg2 Rc3 71. Rxg4 hxg4 72.
Ne6 Rb6 73. Nd4 Rf6 74. Rd8 Ra3 75. Rh8+ Kg5 76. Rd8 Ra2 77. Kg3 Kh6 78. Kxg4
Raxf2 79. Kg3 Rf1 80. Kh3 Kg5 81. Re8 Rf7 82. Re3 Rg1 83. Ne6+ Kf6 84. Kh2 Rg4
85. Nc5 Rh7+ 86. Rh3 Rxh3+ 87. Kxh3 Rb4 88. b6 Ke7 89. b7 Kd6 90. Ne4+ Kc6 91.
Nd2 Kd5 92. Nf3 Ke6 93. Ng5+ Kf5 94. Nf7 Rb3+ 95. Kg2 g5 0-1

[Event "15PCR_F"]
[Site "?"]
[Date "2006.??.??"]
[Round "?"]
[White "Popelka, Miloslav"]
[Black "Prchly, Milos"]
[Result "1-0"]
[WhiteElo "2147"]
[BlackElo "2269"]
[PlyCount "98"]
[EventDate "2006.??.??"]
[SourceDate "2006.08.10"]

1. e4 e5 2. Nf3 Nf6 3. Nxe5 d6 4. Nf3 Nxe4 5. d4 d5 6. Bd3 Nc6 7. O-O Be7 8. c4
Nb4 9. Be2 O-O 10. Nc3 Be6 11. Ne5 f6 12. Nf3 c5 13. Be3 f5 14. dxc5 dxc4 15.
Qxd8 Raxd8 16. Nd4 Rxd4 17. Bxd4 Nxc5 18. Bxc5 Bxc5 19. Rfd1 a6 20. Rac1 Be7
21. a3 Nc6 22. Nd5 Bxd5 23. Rxd5 b5 24. Rcd1 Bf6 25. Rd6 Rc8 26. Bf3 Ne7 27.
Rb1 a5 28. Ra6 a4 29. Rb6 c3 30. bxc3 Rxc3 31. Be2 Rxa3 32. Bxb5 Kf7 33. g3 g5
34. Ra6 Kg7 35. Rxa4 Rc3 36. Ra7 g4 37. Ba4 h5 38. Rbb7 Rc1+ 39. Kg2 Re1 40.
Bd7 Re5 41. h4 gxh3+ 42. Kxh3 Kf7 43. Ra6 Kg7 44. Rbb6 Nd5 45. Rb5 Ne7 46. Rxe5
Bxe5 47. Kh4 f4 48. gxf4 Bxf4 49. Kxh5 Be5 1-0

[Event "15PCR_F"]
[Site "?"]
[Date "2006.??.??"]
[Round "?"]
[White "Kotrc, Michal"]
[Black "Hrdy, Roman"]
[Result "0-1"]
[WhiteElo "2204"]
[BlackElo "2260"]
[PlyCount "90"]
[EventDate "2006.??.??"]
[SourceDate "2006.08.10"]

1. e4 c5 2. Nf3 d6 3. d4 cxd4 4. Nxd4 Nf6 5. Nc3 a6 6. Bg5 e6 7. f4 Qb6 8. Qd2
Qxb2 9. Rb1 Qa3 10. Bxf6 gxf6 11. Be2 Nc6 12. Nxc6 bxc6 13. O-O Qa5 14. Kh1 Be7
15. Qe3 h5 16. Rb3 h4 17. Rfb1 d5 18. a3 Qc5 19. Qxc5 Bxc5 20. Na4 Bf2 21. Nb6
Bxb6 22. Rxb6 dxe4 23. Rxc6 Kd7 24. Rc5 Rd8 25. Kg1 Ke7 26. Kf2 f5 27. Rc7+ Rd7
28. Rc3 a5 29. Rb6 Kd8 30. g3 Rc7 31. Rd6+ Bd7 32. Rxc7 Kxc7 33. Ra6 hxg3+ 34.
Kxg3 Rg8+ 35. Kf2 Rh8 36. Ra7+ Kd6 37. Kg3 Rc8 38. c4 a4 39. h4 Bc6 40. Kf2 Rb8
41. h5 Rb3 42. Bd1 Rxa3 43. h6 Rh3 44. Bxa4 Bxa4 45. Rxa4 Rxh6 0-1

[Event "15PCR_F"]
[Site "?"]
[Date "2006.??.??"]
[Round "?"]
[White "Hrdy, Roman"]
[Black "Prchly, Milos"]
[Result "0-1"]
[WhiteElo "2260"]
[BlackElo "2269"]
[PlyCount "94"]
[EventDate "2006.??.??"]
[SourceDate "2006.08.10"]

1. e4 e5 2. Nf3 Nf6 3. Nxe5 d6 4. Nf3 Nxe4 5. d4 d5 6. Bd3 Be7 7. O-O Nc6 8. c4
Nb4 9. Be2 O-O 10. Nc3 Be6 11. Be3 Bf5 12. Qb3 dxc4 13. Bxc4 a5 14. a3 Nd2 15.
Nxd2 Bc2 16. axb4 Bxb3 17. Nxb3 Bxb4 18. Nd5 Bd6 19. Nxa5 Rxa5 20. Rxa5 c6 21.
Rfa1 cxd5 22. Bxd5 b6 23. Rb5 Qd7 24. Rb3 b5 25. Bf3 b4 26. Rd3 Qf5 27. Rdd1
Rc8 28. Bb7 Rd8 29. g3 h5 30. h4 f6 31. Ba6 g5 32. hxg5 fxg5 33. Bd3 Qg4 34.
Re1 Bxg3 35. fxg3 Qxg3+ 36. Kf1 Qh2 37. Bc4+ Kh8 38. Ra7 h4 39. Rf7 Re8 40. Bd2
Qh1+ 41. Kf2 Rxe1 42. Bxe1 Qe4 43. Rf8+ Kg7 44. Rg8+ Kh7 45. Rd8 Qc2+ 46. Be2
Qxb2 47. Rd7+ Kh6 0-1

[Event "15PCR_F"]
[Site "?"]
[Date "2006.??.??"]
[Round "?"]
[White "Kotrc, Michal"]
[Black "Koci, Vladimir"]
[Result "1/2-1/2"]
[WhiteElo "2204"]
[BlackElo "2178"]
[PlyCount "95"]
[EventDate "2006.??.??"]
[SourceDate "2006.08.10"]

1. e4 c5 2. Nf3 d6 3. d4 cxd4 4. Nxd4 Nf6 5. Nc3 g6 6. Be3 Bg7 7. f3 O-O 8. Qd2
Nc6 9. O-O-O Nxd4 10. Bxd4 Be6 11. Kb1 Rc8 12. g4 Qa5 13. Nd5 Qxd2 14. Nxe7+
Kh8 15. Rxd2 Rc7 16. g5 Nh5 17. Nd5 Bxd5 18. Bxg7+ Kxg7 19. Rxd5 f6 20. gxf6+
Rxf6 21. c3 Rxf3 22. Be2 Re3 23. Bxh5 gxh5 24. Rg1+ Kf8 25. Rf5+ Rf7 26. Rgf1
Rxf5 27. Rxf5+ Kg7 28. Rg5+ Kh6 29. Rd5 Rxe4 30. Rxd6+ Kg5 31. Rd7 Re1+ 32. Kc2
Re2+ 33. Kb3 Rxh2 34. Rxb7 a6 35. c4 Rh3+ 36. Ka4 Rh2 37. c5 Rc2 38. b4 Rxa2+
39. Kb3 Ra1 40. Rxh7 h4 41. Kc4 Rc1+ 42. Kd5 Rd1+ 43. Ke6 Re1+ 44. Kd6 Rd1+ 45.
Ke7 Rd4 46. c6 Rxb4 47. c7 Rc4 48. Kd7 1/2-1/2

[Event "15PCR_F"]
[Site "?"]
[Date "2006.??.??"]
[Round "?"]
[White "Postl, Rostislav"]
[Black "Pecina, Pavel"]
[Result "1-0"]
[WhiteElo "2314"]
[BlackElo "2258"]
[PlyCount "97"]
[EventDate "2006.??.??"]
[SourceDate "2006.08.10"]

1. d4 d5 2. c4 c6 3. Nf3 Nf6 4. Nc3 e6 5. e3 Nbd7 6. Bd3 dxc4 7. Bxc4 b5 8. Bd3
a6 9. e4 c5 10. d5 c4 11. Bc2 e5 12. O-O Bb4 13. a4 Rb8 14. axb5 axb5 15. Nh4
O-O 16. Nf5 Ne8 17. Qf3 Ndf6 18. Be3 Nd6 19. Nxg7 Kxg7 20. Qg3+ Kh8 21. Qxe5
Re8 22. Qf4 Ng4 23. Bd4+ f6 24. Ra7 Rb7 25. Rxb7 Nxb7 26. Nxb5 Nd6 27. Na7 Bd7
28. Nc6 Bxc6 29. Qxg4 Nb5 30. Be3 Bd7 31. Qh5 Re7 32. Qh4 Qf8 33. e5 fxe5 34.
Bg5 Nd4 35. Be4 Kg8 36. Bf6 Ne2+ 37. Kh1 h6 38. d6 Bxd6 39. Rd1 Nd4 40. Ra1 Nf5
41. Qg4+ Rg7 42. Bxg7 Qxg7 43. Ra8+ Bf8 44. Bd5+ Kh7 45. Qxg7+ Bxg7 46. Rd8 Ba4
47. Be4 Kg6 48. g4 Kg5 49. gxf5 1-0